| 000 | 00619nam a2200181 i 4500 | ||
|---|---|---|---|
| 001 | 30676 | ||
| 003 | ES-MaACL | ||
| 005 | 20230906154233.0 | ||
| 007 | t| | ||
| 008 | 030127m18611868fr ||||1| fre d | ||
| 100 | 1 |
_aBatbie, A. _926408 |
|
| 245 | 1 | 0 |
_aIntroduction générale au Droit public et administratif / _cpar A. Batbie. |
| 260 |
_aParís : _bCotillon, _c1861-68. |
||
| 300 |
_a7 v. ; _c22 cm. |
||
| 505 | 8 | _aContiene: Desde el V. II: Traité théorique et pratique de Droit public et administratif | |
| 740 | 0 | _aTraité théorique et pratique de Droit public et administratif. | |
| 852 |
_aES-MaACL _jG-8302-8 |
||
| 999 |
_c30676 _d30676 |
||